LEADER 00977nam a2200289 i 4500 001 991000920959707536 005 20020507103237.0 008 951212s1971 uk ||| | eng 035 $ab10148413-39ule_inst 035 $aLE00639155$9ExL 040 $aDip.to Fisica$bita 084 $a53.1.32 084 $a53.1.34 084 $aQA871.H13 100 1 $aHaar, D. ter$045042 245 10$aElements of hamiltonian mechanics /$cD.ter Haar 250 $a2nd ed. 260 $aOxford :$bPergamon,$cc1971 300 $aviii, 201 p. :$bill. ;$c22 cm. 490 0 $aInternational series of monographs in natural philosophy ;$v34 650 4$aDynamics 907 $a.b10148413$b17-02-17$c27-06-02 912 $a991000920959707536 945 $aLE006 53.1.3 TER$g1$i2006000041102$lle006$o-$pE0.00$q-$rl$s- $t0$u3$v0$w3$x0$y.i10176871$z27-06-02 996 $aElements of hamiltonian mechanics$9186432 997 $aUNISALENTO 998 $ale006$b01-01-95$cm$da $e-$feng$guk $h0$i1